000 00672cab a2200241 4500
001 ABS43027
008 090401t1990 xxu||||| |||| 00| 0 eng d
035 _a(Sirsi) u40038
041 _aeng
100 _aSheehan, A.M.
245 _aFace lift for listed flats
260 _c1990
350 _a0
490 _aBuilding Today
_v200(5865) 19 July 1990, 27-29(3)
520 _aLooks at the modernisation and refurbishment of a City of Westminster housing estate .
650 _aENGLISH HERITAGE
650 _aLISTED BUILDINGS
650 _aLOW-COST HOUSING
650 _aMILLBANK ESTATE
690 _aRefurbishment
_96264
942 _n0
948 _c04/03/1997
999 _c25641
_d25641